00727nam a2200229 a 450000100060000000300080000600500170001400800410003103500190007204000270009104100080011808200240012610000200015024500540017025000120022426000370023630000340027349000660030750400360037365000220040983000660043169089BD-RjUL20211209081840.0170409s1968 enka b 001 0 eng d a(BD-RjUL)69300 aDLCcDLCdBD-RjULbeng aeng00a667.2223bABD 19681 aAbrahart, E. N.10aDyes and their intermediates /cby E. N. Abrahart a1st ed. aOxford :bPergamon Press,c1968. axvi, 335 p. :bill. ;c20 cm.0 aThe Commonwealth and international library. Chemical industry aInclude Bibliography and Index. 0aDyes and Pigments aThe Commonwealth and international library. Chemical industry